000 00927nas a2200337 4500
001 BR8803885
003 BR-BrBNA
005 20231205091211.0
007 ta
008 230509b bl.|||p| |||| 00| 00por d
040 _aBR-BrBNA
_bpor
_cBiblioteca Nacional de Agricultura
041 _a(Pt)
072 _aQ02
100 1 _aMasson, M.L.
100 1 _aSocool, C.R.
100 1 _aVassao, E.
100 1 _aVentura, I.
100 1 _aPinheiro, L.I.
100 1 _aSchulz, J.G.
100 1 _aMatos, M.E. de
100 1 _aFontoura, P.S.G.
245 1 _aTecnologia do cafe
246 1 _a[Coffee technology]
650 _aCAFE
650 _aTORREFACAO
650 _aMOAGEM
650 _aRENDIMENTO
773 0 _tBoletim do Centro de Pesquisa e Processamento de Alimentos (Brazil)
_xISSN 0102-0323
_g(Jul-Dec 1984), v. 2(2) p. 1-16
_wBR8803885
909 _a202311
_bLúcia
_c55
_dLúcia Elande
942 _2AGRIS
_n0
_cANA
999 _c123505
_d123505